00406nam a2200157Ia 450000500170000000800410001702000150005808200130007310000170008624500490010326000390015230000130019165000210020465000110022565000120023620250626032600.0240331s9999 xx 000 0 und d a955553182X bWIJa362 aWijenayake,R 0aNeethi wirodhee mathpan pawula saha samajaya aWarakapolabAryan Publishersc2001 a116 p ., aIlllegal Alcohol aFamily aSociety